000 00699nam a2200217Ii 4500
003 JO-AjNU
008 230605s9999||||xx |||||||||||||| ||und||
017 _a2007/26006
020 _a977-350-178-7
040 _aJO-AjNU
_bara
_erda
_cJO-AjNU
041 _aara
050 1 4 _aTD1915.T34 2008
100 3 _aطاحون ، زكريا,
_eauthor
_931998
245 0 0 _aالمنظور البيئي في التخطيط الزراعي والصناعي
300 _a184ص
336 _atext
_btxt
_2rdacontent
337 _aunmediated
_bn
_2rdamedia
338 _avolume
_bnc
_2rdacarrier
490 0 _aسلسلة صوان البيئة 11
650 4 _aالبئي-التخطيط الزراعي
_931999
999 _aA12865
_c16433
_d16433